Olivia Rodrigo - Paroles the grudge - Statistiques

Statistiques générales
  • Ce quiz a été pris 217 fois
  • Le résultat moyen est 345 sur 392
Statistiques - réponses
Hint Réponse % Correct
a
100%
Couplet 1 | Outro I
100%
Bridge Ooh,
100%
you
100%
You
100%
to
99%
that
98%
and
97%
And
97%
try
97%
on
96%
the
96%
Couplet 2 The
96%
But
95%
but
95%
but,
95%
do
95%
in
95%
In
95%
my
95%
My
95%
it
94%
It
94%
so
94%
be
93%
grudge
93%
don't
92%
ever
92%
have
92%
know
92%
me
92%
still
92%
think
92%
your
92%
could
91%
for
91%
How
91%
I'm
91%
One
91%
we
91%
when
91%
about
89%
car
89%
did
89%
can't
88%
care,
88%
every
88%
Friday
88%
go
88%
hear
88%
love,
88%
tried,
88%
tried
88%
fine
87%
I've
87%
like
87%
long
87%
May
87%
not
87%
world
87%
all
86%
all?
86%
entire
86%
everything
86%
feel
86%
let
86%
things
86%
was
86%
why
86%
strong
85%
time
85%
forgive,
84%
hold
84%
tough,
84%
tough
84%
you're
84%
anybody
83%
from
83%
scream
83%
wanna
83%
call
82%
changed
82%
easily?
82%
life
82%
nightmares
82%
say
82%
this
82%
this,
82%
takes
81%
Trust
81%
enough
80%
depends
79%
betrayed,
78%
even
78%
fingers
78%
head
78%
heart
78%
people
78%
phone
78%
understand
78%
voice
78%
alone
77%
between
77%
damage
77%
deserved
77%
detail
77%
want
77%
arguments
76%
hurt
76%
mirror
76%
more
76%
never
76%
Took
76%
week
76%
bed
75%
fuckin'
75%
insecure,
75%
must
75%
were
75%
both
74%
crushed
74%
equal
74%
loved
74%
sorry
74%
unhappy
74%
after
73%
before
73%
blood,
73%
confusion
73%
fall
73%
shower,
73%
would
73%
guilty
72%
watch
72%
each
71%
undying
71%
up
71%
Yeah,
71%
cuts
69%
flowers
69%
little
69%
make
69%
now
69%
with
69%
doubt
67%
guess
67%
against
66%
mean
66%
strength
66%
those
64%
sure
63%
fantasize
62%
man,
62%
won
62%
drew
61%
built
60%
lingers
60%
there
60%
yet
58%
filled
55%
vitriol
55%
quite
52%
that's
46%
onto
44%
Aucun quiz correspondant
Distribution des résultats
% des personnes avec chaque résultat
Percentile par nombre de réponses
Votre historique - résultats
Vous n’avez pas pris ce quiz